Militärflugzeuge des Kalten Krieges - Bildquiz # 1 - Statistiken

Allgemein
  • Dieses Quiz wurde 183 mal gespielt
  • Das Durchschnittsergebnis liegt bei 6 aus 15
Antwortstatistiken
Bildquiz Antwort % Korrekt
Grumman F-14 Tomcat
77%
Rockwell B-1 Lancer
66%
Bell UH-1 Iroquois
65%
Sukhoi Su-27
53%
Lockheed C-5 Galaxy
48%
North American F-86 Sabre
45%
Mil Mi-24
44%
Panavia Tornado
41%
General Dynamics F-111 Aardvark
38%
Saab 35 Draken
35%
English Electric Canberra
18%
English Electric Lightning
16%
Convair B-36 Peacemaker
13%
Antonov An-22
10%
Handley Page Victor
7%
Keine übereinstimmenden Quizze gefunden
Verteilung der Resultate
Anzahl Personen mit jedem Resultat
Perzentil nach korrekt beantworteten Fragen
Ihre Resultats-Entwicklung
Sie haben dieses Quiz noch nicht gespielt